000
00214cam a2200085 4500
008
080902n 000 0 eng u
035
_a
(Sirsi) a159598
100
_a
reforming
245
_a
Reforming the power in africa
999
_c
110012
_d
110012